000 00461nam a22001817a 4500
003 MPLRDC
005 20220104123810.0
008 210129b ||||| |||| 00| 0 eng d
020 _a7-5365-0115-3
082 _a820.9 WCY
100 _a王传业、钟法编著
245 _a文学知识百题
_c
250 _a一版一刷
260 _a中国
_b四川少年儿童出版社
_c1987
300 _b204
650 _a中国文学史
942 _cBK
_o820.9 WCY
999 _c14291
_d14281